000 01803cam a22003494a 4500
001 16998680
005 20170105102905.0
008 111013s2012 nyu b 001 0 eng
010 _a 2011040879
020 _a9780415517386 (hbk. : alk. paper)
020 _a0415517389 (hbk. : alk. paper)
035 _a(OCoLC)ocn757133509
040 _aDLC
_beng
_cDLC
_dYDX
_dBTCTA
_dYDXCP
_dCDX
_dDLC
042 _apcc
050 0 0 _aHF1106
_b.B74 2012
082 0 0 _a174/.4
_223
100 1 _aBuchholz, Rogene A.
245 1 0 _aReforming capitalism :
_bthe scientific worldview and business /
_cRogene A. Buchholz.
260 _aNew York :
_bRoutledge,
_c2012.
300 _axiv, 345 p. ;
_c24 cm.
490 0 _aRoutledge studies in business ethics ;
_v5
504 _aIncludes bibliographical references and index.
505 0 _aIntroduction -- The traditional scientific worldview -- The rise of modern science and its characteristics -- Values and ethics -- Economics -- Politics -- Culture -- Nature -- Toward a new understanding of science -- The pragmatic view of science and its characteristics -- Pragmatism and values -- Pragmatism and economics -- Pragmatism and politics -- Pragmatism and culture -- Pragmatism and nature -- Implications for business -- The corporation and community -- Business and science -- Financial armageddon -- Management and an ethic of service -- Selected bibliography -- Notes -- Index.
650 0 _aBusiness education.
650 0 _aScience
_xMoral and ethical aspects.
650 0 _aPragmatism.
650 0 _aPhilosophy, American.
650 0 _aSocial responsibility of business.
906 _a7
_bcbc
_corignew
_d1
_eecip
_f20
_gy-gencatlg
942 _2ddc
_cBK
999 _c14850
_d14850